Statistics for Stray Kids Quiz (2022)

Click here to take the quiz!

General Stats

  • This quiz has been taken 1,268 times
  • The average score is 16 of 20

Answer Stats

QuestionAnswer% Correct
Who is the leader?Bang Chan
99%
Guess my biasI.N
99%
Who is the maknae?I.N
99%
What company do they belong to?JYP
99%
When did Stray Kids debut? (Year)2018
98%
Who wrote the song "Secret secret"?Han
96%
Which member has 3 cats?Lee Know
95%
Which member was born on August 11, 1999?Changbin
91%
Which member was featured in TWICE Nayeon's solo album?Felix
90%
Which member was chosen as
Artist Of The Month in October 2021?
Hyunjin
89%
Which album is "Thunderous" the title track of?NOEASY
80%
What is Felix's full Korean name?Lee Yongbok
76%
What was their debut song?District 9
73%
Which members make up the 3Racha subunit?Bang Chan
Changbin
Han
65%
Which song did they get their first win for?MIROH
65%
Which members make up the Vocalracha subunit?Seungmin
I.N
63%
What was their first comeback of 2022?MANIAC
61%
Which members make up the Danceracha subunit?Lee Know
Hyunjin
Felix
58%
What is Han's nickname?Squirrel
38%
What was their first comeback?My Pace
33%

Score Distribution

Percentile by Number Answered

Percent of People with Each Score

Your Score History

You have not taken this quiz